Poistenie a poisťovníctvo anglicko-slovenský a slovensko-anglický slovník

Saved in:
Bibliographic Details
Main Author: Breveníková, Daniela
Other Authors: Čejková, Viktória, Ondrejová, Zuzana, 1953-
Format: Book
Language:English
Slovak
Published: Bratislava ELITA 1995
Subjects:
Tags: Add Tag
No Tags, Be the first to tag this record!

MARC

LEADER 00000nam a2200000 4500
001 c011012
005 20221207104003.8
020 |a 80-85323-59-1 
041 0 |a eng 
041 0 |a slo 
044 |a SK 
245 1 0 |a Poistenie a poisťovníctvo  |b anglicko-slovenský a slovensko-anglický slovník  |c D. Breveníková - V. Čejková - Z. Ondrejová 
264 1 |a Bratislava  |b ELITA  |c 1995 
300 |a 278 s. 
610 2 0 |a poistenie 
610 2 0 |a poisťovníctvo 
610 2 0 |a angličtina 
610 2 0 |a slovenčina 
610 2 0 |a terminológia 
610 2 0 |a jazykoveda 
610 2 0 |a trh poistný 
610 2 0 |a riziko 
610 2 0 |a štatistika 
610 2 0 |a právo 
610 2 0 |a bankovníctvo 
610 2 0 |a účtovníctvo 
100 1 |a Breveníková, Daniela 
700 1 |a Čejková, Viktória 
700 1 |a Ondrejová, Zuzana, 1953-